Campeões do Campeonato Alemão - Statistics

Estatísticas Gerais
  • Esse quiz foi jogado 163 vezes
  • A pontuação média é 65 de 109
Estatísticas das Respostas
Ano Time % Correto
1932 | 1969 | 1972 | +28 others Bayern de Munique
99%
1956 | 1957 | 1963 | +5 others Borussia Dortmund
96%
2009 Wolfsburg
78%
1923 | 1928 | 1960 | +3 others Hamburgo
72%
1934 | 1935 | 1937 | +4 others Schalke 04
70%
1965 | 1988 | 1993 | 2004 Werder Bremen
66%
1970 | 1971 | 1975 | +2 others Borussia Mönchengladbach
54%
1950 | 1952 | 1984 | +2 others Stuttgart
49%
1962 | 1964 | 1978 Colônia
43%
1959 Eintracht Frankfurt
35%
1930 | 1931 Hertha Berlin
35%
1920 | 1921 | 1924 | +6 others Nuremberg
35%
1903 | 1906 | 1913 Leipzig
33%
1905 Union Berlin
28%
1951 | 1953 | 1991 | 1998 Kaiserslautern
24%
1933 Fortuna Düsseldorf
16%
1966 Munique 1860
11%
1912 Holstein Kiel
6%
1941 Rapid Viena
6%
1914 | 1926 | 1929 Fürth
4%
1908 | 1911 Viktoria Berlin
4%
1910 Karlsruher
2%
1943 | 1944 Dresdner SC
1%
1967 Eintracht Braunschweiger
1%
1907 Freiburger
1%
1938 | 1954 Hannoverscher 96
1%
1955 Rot-Weiss Essen
1%
1909 Phönix Karlsruhe
0%
1949 VFR Mannheim
0%
Nenhum quiz correspondente encontrado
Distribuição das Pontuações
Porcentagem de Pessoas com Cada Pontuação
Percentil de Números Respondidos
Sua Pontuação Histórica
Você não jogou esse quiz